| 000 | 02155nam0a2200385 i 4500 | ||
|---|---|---|---|
| 001 | RU\NLR\BIBL_A\010737568 | ||
| 005 | 20241103133612.0 | ||
| 010 |
_a9785967510748 _9500 |
||
| 021 |
_aRU _b2015-17697 _91058 |
||
| 035 | _a(NILC)RuMoRGB-007888681 | ||
| 035 | _a(NLR Aleph) 010737568 | ||
| 090 |
_a9889817 _c9889817 |
||
| 100 | _a20150423d2014 um y0rusy50 ca | ||
| 101 | 0 | _arus | |
| 102 | _aRU | ||
| 105 | _aa|||j|||000zy | ||
| 200 | 1 |
_aПрикладные аспекты информационных технологий _eучебное пособие _e[для теоретической и практической подготовки бакалавров по профилю "Лесное хозяйство" направления 250100.62 - "Лесное дело"] _fС.З. Зайнудинов, А.А. Землянский, В.И. Тинякова [и др.] _gМ-во сельского хоз-ва Российской Федерации, Российский гос. аграрный ун-т - МСХА им. К. А. Тимирязева |
|
| 210 |
_aМосква _cИзд-во РГАУ - МСХА _d2014 |
||
| 215 |
_a324 с. _cил., цв. ил., табл. _d21 |
||
| 313 | _aинформационных технологий нет | ||
| 320 | _aБиблиогр.: с. 324 | ||
| 606 |
_aКомпьютеры _jУчебные издания для высших учебных заведений _92078411 _3RU\NLR\AUTH\661254265 |
||
| 606 |
_aВычислительные сети _jУчебные издания для высших учебных заведений _92126109 _3RU\NLR\AUTH\661283311 |
||
| 686 | 1 | _aЗ973.2я73-1 | |
| 686 | 1 | _aЗ988.02я73-1 | |
| 701 | 1 |
_aЗайнудинов _bС. З. _gСафар Зайнудинович |
|
| 701 | 1 |
_aЗемлянский _bА. А. _gАдольф Александрович |
|
| 701 | 1 |
_aТинякова _bВ. И. _gВиктория Ивановна |
|
| 801 | 0 |
_aRU _bРГБ _c20150317 _gRCR |
|
| 801 | 2 |
_aRU _bРГБ _c20150323 _grcr |
|
| 801 | 1 |
_aRU _bРГБ _c20150317 _2rusmarc |
|
| 942 | _cBOOK | ||
| 980 | _aNBR | ||